[Event "Santa Cruz op"]
[Site "Santa Cruz"]
[Date "2003.08.??"]
[Round "4"]
[White "Vila, Johny"]
[Black "Roldan, Rodrigo"]
[Result "1/2-1/2"]
[WhiteElo "2189"]
[BlackElo "2194"]
[PlyCount "100"]
[EventDate "2003.08.05"]
[EventType "swiss"]
[EventRounds "9"]
[EventCountry "BOL"]
[SourceTitle "EXT 2004"]
[Source "ChessBase"]
[SourceDate "2003.11.25"]
[SourceVersion "1"]
[SourceVersionDate "2003.11.25"]
[SourceQuality "1"]

1. c4 Nf6 2. g3 e6 3. Bg2 d5 4. cxd5 exd5 5. d4 Be7 6. Nf3 Nbd7 7. Nc3 c6 8. Qc2 0-0 9. 0-0 Re8 10. Bg5 h6 11. Bxf6 Nxf6 12. a3 g6 13. Rac1 Bf5 14. Qd2 Bf8 15. e3 Qd7 16. Ne5 Qe7 17. Rfe1 Bg7 18. Nd3 Ne4 19. Nxe4 Bxe4 20. Nc5 Bxg2 21. Kxg2 Bf8 22. Qd3 Qc7 23. Qc2 Bxc5 24. Qxc5 Qb6 25. Rc2 Re4 26. Rd1 Rae8 27. Qxb6 axb6 28. Rd3 Ra8 29. f3 Re7 30. Kf2 f5 31. Rc1 Kf7 32. Rb3 b5 33. Rb4 Ree8 34. Ra1 Ra7 35. Rc1 Rea8 36. Ke2 Ra4 37. Rxa4 Rxa4 38. Kd2 Rc4 39. Rc3 Ke6 40. b3 Rxc3 41. Kxc3 g5 42. h3 Kd6 43. g4 fxg4 44. hxg4 b6 45. Kb4 Ke6 46. Kc3 Kf6 47. Kd3 Kg6 48. b4 h5 49. Ke2 hxg4 50. f4 Kf6 1/2-1/2